000 00997nam a2200253Ia 4500
003 OSt
005 20201008151051.0
008 191128s1974 sp gr 000 0 spa d
020 _a8423400352
040 _aCO-JMCR
_cCO-JMCR
041 0 _aspa
082 0 4 _a658.151 /
_bR769c
_223
100 1 _aRonchi, Luciano,
_eautor
_911354
245 1 0 _aControl económico y financiero por la alta dirección /
_cLuciano Ronchi
250 _aTercera edición
260 _aBilbao :
_bDeusto,
_c1974.
300 _a352 páginas ;
_c21 cm.
490 0 _aColección Gestión
505 0 _aSituación financiera de una actividad empresarial/Empresa vista como una inversión/Contabilidad de dirección/Sistemas de control de costes/Control mediante costes standard/Control presupuestario los presupuestos financieros/Balance de empresa como síntesi
650 2 4 _aControl de gestión
_911355
650 2 4 _a Análisis financiero.
_911294
650 2 4 _aAdministración financiera
_95902
942 _2ddc
_cBK
999 _c6029
_d6029